Picture It: Portraits of Explorers - Statistics

General Stats
  • This quiz has been taken 25 times
  • The average score is 7 of 13
Answer Stats
EXPLORATION! % Correct
Christopher Columbus
84%
Ferdinand Magellan
76%
James Cook
76%
Sir Francis Drake
64%
Amelia Earhart
60%
John Glenn
60%
Amerigo Vespucci
48%
Meriwether Lewis
48%
Sir Walter Raleigh
48%
Roald Amundsen
40%
Charles Lindbergh
36%
Hernando Cortes
32%
Daniel Boone
8%
No matching quizzes found
Score Distribution
Percent of People with Each Score
Percentile by Number Answered
Your Score History
You have not taken this quiz